000 01747cam a2200529 a 4500
001 23482
003 VRT
005 20260624155752.0
008 160812s2014 xo e 000 f slo d
015 _aSNBA2014/12
020 _a9788089612161 (viaz.)
035 _aEA3DF5FB-6501-4FBB-B5A0-9B5955413F43
035 _aurn:nbn:sk:snk-amjp6c
035 _aurn:nbn:sk:snk-am000wqn
039 9 _a201610120913
_bdrlickoj
_c201610061307
_dargo
_c201608121011
_ddragulova
_c201608121008
_ddragulova
040 _aPOKPOH
_bslo
_cUKB
_dSNK
_eAACR2
041 1 _aslo
_hfin
044 _axo
_cSK
072 7 _a821.51
_xUralskoaltajské literatúry
_2konspekt
072 7 _a821-93
_xLiteratúra pre deti a mládež (beletria)
_2konspekt
080 _a821.511.111-31
_22004
080 _a821-93
_22004
080 _a(0:82-312.4)
_22004
100 1 _aSimukka, Salla,
_d1981-
240 1 0 _aPunainen kuin veri.
_lSlovensky
245 1 1 _a[Snehulienka
_n1.]
_pČervená ako krv
_cSalla Simukka ; [z fínskeho originálu preložila Zuzana Drábeková]
246 3 0 _aČervená ako krv
260 _aBratislava
_bVerbarium
_c2014
300 _a256 s.
500 _a1. časť trilógie Snehulienka, 2. Biela ako sneh, 3. Čierna ako eben
653 _a821.511.111-31
653 _a821-93
653 _a(0:82-312.4)
655 7 _afínske romány
_2UKBPH
655 7 _apublikácie pre mládež
_2UKBPH
655 7 _athrillery (romány)
_2UKBPH
700 1 _aDrábeková, Zuzana,
_d1958-
_4trl
910 _asllk
910 _askpk
910 _asnk
910 _atotk
910 _ahevk
910 _aukb
942 _2ddc
_cKLDO
_n0
949 _61800699316
_aSJ.D.07931
_bPV.2016-9838
949 _61800699317
_aSK.D.75086
_bPV.2016-9839
_s6707:20161018
999 _c23482
_d23482